<?xml version="1.0" encoding="UTF-8"?>
<record
    xmlns:xsi="http://www.w3.org/2001/XMLSchema-instance"
    xsi:schemaLocation="http://www.loc.gov/MARC21/slim http://www.loc.gov/standards/marcxml/schema/MARC21slim.xsd"
    xmlns="http://www.loc.gov/MARC21/slim">

  <leader>01370 aa a2200253   4500</leader>
  <controlfield tag="005">20090911111420.0</controlfield>
  <controlfield tag="008">081229t        xxu||||| |||| 00| 0 hin d</controlfield>
  <datafield tag="010" ind1=" " ind2=" ">
    <subfield code="a"> B-357296</subfield>
  </datafield>
  <datafield tag="020" ind1=" " ind2=" ">
    <subfield code="a">8170432820</subfield>
    <subfield code="c">150.00</subfield>
  </datafield>
  <datafield tag="035" ind1=" " ind2=" ">
    <subfield code="a">B-357296</subfield>
  </datafield>
  <datafield tag="037" ind1=" " ind2=" ">
    <subfield code="b">D.B.Act / Pub</subfield>
  </datafield>
  <datafield tag="082" ind1=" " ind2=" ">
    <subfield code="a">503</subfield>
  </datafield>
  <datafield tag="100" ind1=" " ind2=" ">
    <subfield code="a">&#x936;&#x930;&#x94D;&#x92E;&#x93E;, &#x935;&#x93F;&#x936;&#x94D;&#x935;&#x92E;&#x93F;&#x924;&#x94D;&#x930;</subfield>
  </datafield>
  <datafield tag="245" ind1=" " ind2=" ">
    <subfield code="a">&#x938;&#x91A;&#x93F;&#x924;&#x94D;&#x930; &#x928;&#x935;&#x940;&#x928; &#x935;&#x93F;&#x91C;&#x94D;&#x91E;&#x93E;&#x928; &#x935;&#x93F;&#x936;&#x94D;&#x935;&#x915;&#x94B;&#x936;&#x903;</subfield>
    <subfield code="c">&#x935;&#x93F;&#x936;&#x94D;&#x935;&#x92E;&#x93F;&#x924;&#x94D;&#x930; &#x936;&#x930;&#x94D;&#x92E;&#x93E; </subfield>
    <subfield code="b">&#x92C;&#x94D;&#x930;&#x939;&#x94D;&#x92E;&#x93E;&#x923;&#x94D;&#x921;-&#x92A;&#x943;&#x925;&#x94D;&#x935;&#x940;-&#x92E;&#x939;&#x93E;&#x926;&#x94D;&#x935;&#x940;&#x92A; /</subfield>
  </datafield>
  <datafield tag="246" ind1=" " ind2=" ">
    <subfield code="a">Sachitra Naveen Vigyan Vishwa Kosh</subfield>
    <subfield code="b">by Vishwamitra Sharma </subfield>
  </datafield>
  <datafield tag="260" ind1=" " ind2=" ">
    <subfield code="a"> &#x926;&#x93F;&#x932;&#x94D;&#x932;&#x940;</subfield>
    <subfield code="b">&#x906;&#x924;&#x94D;&#x92E;&#x93E;&#x930;&#x93E;&#x92E; &#x90F;&#x923;&#x94D;&#x921; &#x938;&#x902;&#x938;  </subfield>
    <subfield code="c">2009</subfield>
  </datafield>
  <datafield tag="270" ind1=" " ind2=" ">
    <subfield code="a"> 1362, &#x915;&#x936;&#x94D;&#x92E;&#x940;&#x930;&#x940; &#x917;&#x947;&#x91F; </subfield>
    <subfield code="b">&#x926;&#x93F;&#x932;&#x94D;&#x932;&#x940;</subfield>
    <subfield code="e">110006</subfield>
    <subfield code="k">011-23946466, 011-23973082</subfield>
    <subfield code="m">atmaram_books@hotmail.com </subfield>
  </datafield>
  <datafield tag="300" ind1=" " ind2=" ">
    <subfield code="a">76 &#x92A;&#x943;</subfield>
    <subfield code="b">&#x938;&#x91A;&#x93F;&#x924;&#x94D;&#x930;</subfield>
    <subfield code="c">24&#x938;&#x947;&#x92E;&#x940; (&#x938;&#x91C;&#x93F;&#x932;&#x94D;&#x926;)</subfield>
  </datafield>
  <datafield tag="650" ind1=" " ind2=" ">
    <subfield code="a">Science </subfield>
    <subfield code="x">Encyclopedias, Juvenile </subfield>
  </datafield>
  <datafield tag="650" ind1=" " ind2=" ">
    <subfield code="a">&#x935;&#x93F;&#x91C;&#x94D;&#x91E;&#x93E;&#x928; </subfield>
    <subfield code="x">&#x935;&#x93F;&#x936;&#x94D;&#x935;&#x915;&#x94B;&#x936;, &#x92C;&#x93E;&#x932; </subfield>
  </datafield>
  <datafield tag="650" ind1=" " ind2=" ">
    <subfield code="a"> </subfield>
  </datafield>
  <datafield tag="942" ind1=" " ind2=" ">
    <subfield code="a">dpl</subfield>
    <subfield code="c">CH</subfield>
    <subfield code="2">ddc</subfield>
    <subfield code="m">&#x936;&#x930;&#x94D;&#x92E;&#x93E;&#x935;&#x93F;</subfield>
    <subfield code="h">503</subfield>
  </datafield>
  <datafield tag="999" ind1=" " ind2=" ">
    <subfield code="c">30257</subfield>
    <subfield code="d">30257</subfield>
  </datafield>
  <datafield tag="952" ind1=" " ind2=" ">
    <subfield code="0">0</subfield>
    <subfield code="1">0</subfield>
    <subfield code="2">ddc</subfield>
    <subfield code="4">0</subfield>
    <subfield code="7">0</subfield>
    <subfield code="8">NFIC</subfield>
    <subfield code="a">JP</subfield>
    <subfield code="b">JP</subfield>
    <subfield code="d">2009-09-11</subfield>
    <subfield code="e">DBAD / PUB </subfield>
    <subfield code="g">150.00</subfield>
    <subfield code="l">39</subfield>
    <subfield code="m">2</subfield>
    <subfield code="o">503 &#x936;&#x930;&#x94D;&#x92E;&#x93E;&#x935;&#x93F;</subfield>
    <subfield code="p">B-357296</subfield>
    <subfield code="r">2010-08-23 00:00:00</subfield>
    <subfield code="s">2010-08-05</subfield>
    <subfield code="t">1</subfield>
    <subfield code="v">150.00</subfield>
    <subfield code="w">2009-09-11</subfield>
    <subfield code="y">CH</subfield>
  </datafield>
</record>
